[Event "EU-ch U12"]
[Site "Bratislava"]
[Date "2019.08.10"]
[Round "9"]
[White "Aasen, Joakim"]
[Black "Kokk, Karl Mattias"]
[Result "1-0"]
[WhiteElo "1768"]
[BlackElo "1419"]
[PlyCount "111"]
[EventDate "2019.08.02"]
[EventType "swiss"]
[EventRounds "9"]
[EventCountry "SVK"]
[SourceTitle "EXT 2020"]
[Source "ChessBase"]
[SourceDate "2019.10.17"]
[SourceVersion "1"]
[SourceVersionDate "2019.10.17"]
[SourceQuality "1"]

1. d4 Nf6 2. c4 g6 3. Nc3 Bg7 4. e4 d6 5. f4 e5 6. dxe5 dxe5 7. Qxd8+ Kxd8 8. fxe5 Ng4 9. Bg5+ Kd7 10. 0-0-0+ Ke6 11. Nd5 Bxe5 12. Nf3 Nf2 13. Nxe5 Nxd1 14. Kxd1 c6 15. Nc7+ Kxe5 16. Nxa8 Na6 17. b4 Bg4+ 18. Be2 Bxe2+ 19. Kxe2 Rxa8 20. a3 Kxe4 21. Rd1 Kf5 22. h4 Re8+ 23. Kf3 f6 24. g4+ Ke6 25. Re1+ Kf7 26. Rxe8 Kxe8 27. Bxf6 Nc7 28. Ke4 Kf7 29. Bd4 b6 30. c5 b5 31. Ke5 Ne6 32. Bf2 Ke7 33. Be3 h5 34. gxh5 gxh5 35. Kf5 Kf7 36. Bd2 Nd4+ 37. Ke4 Ne6 38. Ke5 Ke7 39. Bc3 Ng7 40. Kf4 Ne6+ 41. Kf5 Kf7 42. Bb2 Nf8 43. Kg5 Ne6+ 44. Kxh5 a6 45. Kg4 Ke7 46. Kf5 Nf8 47. h5 Nh7 48. h6 Kf7 49. Bg7 Ke7 50. Kg6 Nf8+ 51. Bxf8+ Kxf8 52. h7 Ke7 53. h8Q Ke6 54. Qe8+ Kd5 55. Kf5 a5 56. Qe4# 1-0

[Event "EU-ch U12"]
[Site "Bratislava"]
[Date "2019.08.06"]
[Round "5"]
[White "Kokk, Karl Mattias"]
[Black "Laturkar, Iraj"]
[Result "1-0"]
[WhiteElo "1419"]
[BlackElo "1612"]
[PlyCount "63"]
[EventDate "2019.08.02"]
[EventType "swiss"]
[EventRounds "9"]
[EventCountry "SVK"]
[SourceTitle "EXT 2020"]
[Source "ChessBase"]
[SourceDate "2019.10.17"]
[SourceVersion "1"]
[SourceVersionDate "2019.10.17"]
[SourceQuality "1"]

1. e4 e5 2. d4 exd4 3. Nf3 Nc6 4. Bc4 Nf6 5. e5 d5 6. Bb5 Ne4 7. Nxd4 Bd7 8. Bxc6 bxc6 9. 0-0 Bc5 10. f3 Ng5 11. Be3 Bb6 12. f4 Ne4 13. Nd2 Nxd2 14. Qxd2 c5 15. Ne2 d4 16. Bf2 Bc6 17. c4 dxc3 18. Qxc3 Qd5 19. Qh3 Qd2 20. Rae1 0-0 21. f5 Bb5 22. Qg3 Kh8 23. Be3 Qxb2 24. Rf2 Qb4 25. Rf4 Qc3 26. Rh4 c4 27. Nf4 Ba5 28. Nh5 Rg8 29. Nf6 gxf6 30. Rxh7+ Kxh7 31. Qh4+ Kg7 32. Qh6# 1-0

[Event "EU-ch U12"]
[Site "Bratislava"]
[Date "2019.08.02"]
[Round "1"]
[White "Kokk, Karl Mattias"]
[Black "Valiyev, Shahin"]
[Result "0-1"]
[WhiteElo "1419"]
[BlackElo "1854"]
[PlyCount "78"]
[EventDate "2019.08.02"]
[EventType "swiss"]
[EventRounds "9"]
[EventCountry "SVK"]
[SourceTitle "EXT 2020"]
[Source "ChessBase"]
[SourceDate "2019.10.17"]
[SourceVersion "1"]
[SourceVersionDate "2019.10.17"]
[SourceQuality "1"]

1. e4 c5 2. Nf3 d6 3. c3 Nf6 4. Be2 g6 5. 0-0 Bg7 6. d3 0-0 7. h3 Nc6 8. Be3 h6 9. Nbd2 Bd7 10. Nh2 b5 11. f4 b4 12. d4 bxc3 13. bxc3 cxd4 14. cxd4 a5 15. f5 gxf5 16. exf5 Nd5 17. Bf2 Nxd4 18. Rc1 Bxf5 19. Bc4 Nb6 20. Bxd4 Bxd4+ 21. Kh1 Bg6 22. Ndf3 Bg7 23. Nh4 Nxc4 24. Rxc4 Rb8 25. Qg4 Kh7 26. Rcf4 e5 27. Nxg6 fxg6 28. Rxf8 Bxf8 29. Qe6 Bg7 30. Ng4 h5 31. Nf6+ Kh6 32. Ne4 d5 33. Nd6 Kh7 34. Nf7 Qh4 35. Nxe5 Qe4 36. Rf7 Rb1+ 37. Kh2 Kh6 38. Rf5 Qxf5 39. Nf7+ Kh7 0-1